000 00629nam a22001937a 4500
999 _c92715
_d92715
005 20230608152445.0
010 _aENG-112571 ENG-137105
020 _a9789381904435
_c860.00
035 _aEN-96103 EN-120637
037 _bDBAD/PUB
082 _a327.51
100 _aRanade, Jayadeva
245 0 0 _aChina unveiled :
_cby Jayadeva Ranade
_binsights into Chinese strategic thinking /
260 _aNew Delhi
_bKW Publishers
_c2013
270 _a4676/21, First Floor, Ansari Road, Daryaganj,
_bNew Delhi
_e110002
300 _axvii,312p.
_c24cm(Hb)
500 _aIncludes index
942 _2ddc
_cEN
_mRAN
_h327.51